000 00381pam a2200157a 44500
008 230515b1989 xxu||||| |||| 00| 0 eng d
020 _aNULL
041 _aENGL
082 _a620.106 /JAG
100 _aJAGDISH LAL
245 _aFLUID MECHANICS & HYDRAULICS WITH COMPUTER APPLICATIONS
250 _aN.D.
260 _aNULL
_bMETRO
_c1989
300 _a1048 PB
650 _aNULL
999 _c621510
_d621510